Country's names, but they're in Danish - Statistics

General Stats
  • This quiz has been taken 51 times
  • The average score is 14 of 15
Answer Stats
Hint Answer % Correct
Polen Poland
98%
Rusland Russia
98%
Egypten Egypt
96%
Island Iceland
94%
Irak Iraq
94%
Sydkorea South Korea
94%
Cypern Cyprus
92%
Frankrig France
92%
Rumænien Romania
92%
Sverige Sweden
90%
Schweiz Switzerland
90%
Grækenland Greece
88%
Mauretanien Mauritania
84%
Kina China
82%
Tyskland Germany
71%
No matching quizzes found
Score Distribution
Percent of People with Each Score
Percentile by Number Answered
Your Score History
You have not taken this quiz